Don't let the pigeon drive the bus! / (Record no. 3090)

MARC details
000 -LEADER
fixed length control field 01040cam a22003135a 4500
005 - DATE AND TIME OF LATEST TRANSACTION
control field 20240205131520.0
020 ## - INTERNATIONAL STANDARD BOOK NUMBER
International Standard Book Number 9780439686174
040 ## - CATALOGING SOURCE
Original cataloging agency UWB
Transcribing agency UWB
Modifying agency LEO
-- DLC
Language of cataloging eng
050 00 - LIBRARY OF CONGRESS CALL NUMBER
Classification number PZ7.W65535
Item number 2003
082 00 - DEWEY DECIMAL CLASSIFICATION NUMBER
Classification number 813.6
100 1# - MAIN ENTRY--PERSONAL NAME
Personal name Willems, Mo
245 10 - TITLE STATEMENT
Title Don't let the pigeon drive the bus! /
Statement of responsibility, etc. words and pictures by Mo Willems.
246 3# - VARYING FORM OF TITLE
Title proper/short title Do not let the pigeon drive the bus!
250 ## - EDITION STATEMENT
Edition statement First Scholastic printing, September 2004
260 ## - PUBLICATION, DISTRIBUTION, ETC.
Place of publication, distribution, etc. New York :
Name of publisher, distributor, etc. Scholastic
Date of publication, distribution, etc. 2003
300 ## - PHYSICAL DESCRIPTION
Extent 32 unnumbered pages :
Other physical details color illustrations ;
Dimensions 24 cm.
490 ## - SERIES STATEMENT
Series statement The Pigeon
500 ## - GENERAL NOTE
General note Col. ill. on lining papers.
505 ## - FORMATTED CONTENTS NOTE
Formatted contents note E <br/>
520 ## - SUMMARY, ETC.
Summary, etc. When a bus driver takes a break from his route, a very unlikely volunteer springs up to take his place.
521 ## - TARGET AUDIENCE NOTE
Target audience note 280 <br/>
Source Lexile <br/>
521 ## - TARGET AUDIENCE NOTE
Target audience note E <br/>
Source Raz-Plus <br/>
650 #1 - SUBJECT ADDED ENTRY--TOPICAL TERM
Topical term or geographic name entry element Pigeons
Form subdivision Fiction.
650 #1 - SUBJECT ADDED ENTRY--TOPICAL TERM
Topical term or geographic name entry element Bus drivers
Form subdivision Fiction.
650 #1 - SUBJECT ADDED ENTRY--TOPICAL TERM
Topical term or geographic name entry element Humorous stories.
906 ## - LOCAL DATA ELEMENT F, LDF (RLIN)
a 7
b cbc
c copycat
d 2
e ncip
f 20
g y-gencatlg
942 ## - ADDED ENTRY ELEMENTS (KOHA)
Source of classification or shelving scheme Dewey Decimal Classification
Koha item type Books
Suppress in OPAC No
999 ## -
-- 3090
-- 3090
Holdings
Withdrawn status Lost status Source of classification or shelving scheme Damaged status Not for loan Collection Home library Current library Shelving location Date acquired Total Checkouts Full call number Barcode Date due Date last seen Date last checked out Price effective from Koha item type
    Dewey Decimal Classification     Juvenile Fiction Footprints International School Library Network Toul Kork Campus Footprints International School Library Network Toul Kork Campus   02/05/2024 2 WIL 813.6 PZ7.W65535 FISTK01474 06/11/2025 05/28/2025 05/28/2025 02/05/2024 Books